书目信息 |
| 题名: |
中西方歌剧艺术文化的发展
|
|
| 作者: | 貟婧 著 | |
| 分册: | ||
| 出版信息: | 北京 北京工业大学出版社 2019 |
|
| 页数: | 196页 | |
| 开本: | 24cm | |
| 丛书名: | ||
| 单 册: | ||
| 中图分类: | J822 | |
| 科图分类: | ||
| 主题词: | 歌剧艺术--Ge Ju Yi Shu--研究 | |
| 电子资源: | ||
| ISBN: | 978-7-5639-6428-4 | |
| 000 | 00862nam0 2200277 450 | |
| 001 | 012001006663 | |
| 005 | 20131017115725.0 | |
| 010 | @a978-7-5639-6428-4@dCNY48.00 | |
| 099 | @aCAL 012019068564 | |
| 100 | @a20190404d2019 ekmy0chiy50 ea | |
| 101 | 0 | @achi |
| 102 | @aCN@b110000 | |
| 105 | @ag a 000yy | |
| 106 | @ar | |
| 200 | 1 | @a中西方歌剧艺术文化的发展@AZhong Xi Fang Ge Ju Yi Shu Wen Hua De Fa Zhan@f貟婧著 |
| 210 | @a北京@c北京工业大学出版社@d2019 | |
| 215 | @a196页@d24cm | |
| 300 | @a咸阳师范学院“青年骨干教师”项目资助 | |
| 320 | @a有书目 | |
| 330 | @a本书内容包括:歌剧艺术概论、歌剧艺术的表现形式、西方歌剧艺术与文化的发展等。 | |
| 333 | @a歌剧艺术研究人员 | |
| 606 | 0 | @a歌剧艺术@AGe Ju Yi Shu@x研究 |
| 690 | @aJ822@v5 | |
| 701 | 0 | @a貟婧@AYuan Jing@4著 |
| 801 | 0 | @aCN@b上海新华@c20191020 |
| 905 | @b1175102-5@dJ822@e202@f4 | |
| 中西方歌剧艺术文化的发展/貟婧著.-北京:北京工业大学出版社,2019 |
| 196页;24cm |
| 咸阳师范学院“青年骨干教师”项目资助.-使用对象:歌剧艺术研究人员 |
| ISBN 978-7-5639-6428-4:CNY48.00 |
| 本书内容包括:歌剧艺术概论、歌剧艺术的表现形式、西方歌剧艺术与文化的发展等。 |
| ● |
| 相关链接 |
|
|
|
|
正题名:中西方歌剧艺术文化的发展
索取号:J822/202
 
预约/预借
| 序号 | 登录号 | 条形码 | 馆藏地/架位号 | 状态 | 备注 |
| 1 | 1175102 | 211751022 | 第一样本阅览室/ [索取号:J822/202] | 在馆 | |
| 2 | 1175103 | 211751031 | 第一借阅区/ [索取号:J822/202] | 在馆 | |
| 3 | 1175104 | 211751040 | 第一借阅区/ [索取号:J822/202] | 在馆 | |
| 4 | 1175105 | 211751059 | 第一借阅区/ [索取号:J822/202] | 在馆 |